000 00222nam a2200085Ia 4500
245 0 _aAncient Africa
100 _a Bowden, Rob, , 1973- London, 2009
_985737
942 _cBK
008 210817s9999 xx 000 0 und d
999 _c322122
_d322121